Les Bruno célèbres - Statistiques

Statistiques générales
  • Ce quiz a été pris 192 fois
  • Le résultat moyen est 5 sur 16
Statistiques - réponses
Par images Réponse % Correct
Bruno Le Maire
85%
Bruno Mars
83%
Bruno Guillon
66%
Bruno Solo
63%
Bruno Fernandes
43%
Bruno Salomone
43%
Bruno Cremer
33%
Bruno Martini
18%
Bruno Megret
17%
Bruno Gollnisch
9%
Bruno Podalydès
9%
Bruno Wolkowitch
7%
Bruno Debrandt
5%
Bruno Bellone
4%
Bruno Pradal
3%
Bruno Kirby
1%
Aucun quiz correspondant
Distribution des résultats
% des personnes avec chaque résultat
Percentile par nombre de réponses
Votre historique - résultats
Vous n’avez pas pris ce quiz